For men only: (Record no. 14805)

000 -LEADER
fixed length control field 00648nam a2200193 a 4500
001 - CONTROL NUMBER
control field :::00012639$&:&@@
003 - CONTROL NUMBER IDENTIFIER
control field OkBaRHE
005 - DATE AND TIME OF LATEST TRANSACTION
control field 20000607103421.0
008 - FIXED-LENGTH DATA ELEMENTS--GENERAL INFORMATION
fixed length control field s1985 j 000 0 eng u
040 ## - CATALOGING SOURCE
Transcribing agency
100 1# - MAIN ENTRY--PERSONAL NAME
Personal name Petersen, J. Allan,
245 10 - TITLE STATEMENT
Title For men only:
Remainder of title the dynamics of being a man and succeeding at it.
260 ## - PUBLICATION, DISTRIBUTION, ETC. (IMPRINT)
Place of publication, distribution, etc Wheaton, IL., L
Name of publisher, distributor, etc Tyndale House
Date of publication, distribution, etc 1985
300 ## - PHYSICAL DESCRIPTION
Extent 228 p. ;
Dimensions 18 cm.
650 ## - SUBJECT ADDED ENTRY--TOPICAL TERM
Topical term or geographic name as entry element Conduct of Life
General subdivision Addresses, Essays, Lectures
650 ## - SUBJECT ADDED ENTRY--TOPICAL TERM
Topical term or geographic name as entry element Men
General subdivision Addresses, Essays, Lectures
942 ## - ADDED ENTRY ELEMENTS (KOHA)
Source of classification or shelving scheme
Koha item type Books
Copies
Full call number Not for loan Lost status Barcode Date acquired Withdrawn status Permanent Location Koha item type Source of classification or shelving scheme Copy number Damaged status Shelving location Date last seen Price effective from
HQ 1067 .P47  126392010-04-14 RHEMA Bible Training CollegeBooks 1 General Stacks2010-04-142010-04-14